Saberlo hacer : (Registro nro. 2647)
[ vista simple ]
| 000 -CABECERA | |
|---|---|
| Campo de control | 01113nam a2200301 a 4500 |
| 005 - FECHA Y HORA DE LA ULTIMA TRANSACCION | |
| Campo de control | 20160130161623.0 |
| 008 - ELEMENTOS DE LONGITUD FIJA—INFORMACION GENERAL | |
| Campo de control | 160114b ck ||||gra 00| 0 spa d |
| 040 ## - FUENTE DE CATALOGACIÓN | |
| Agencia catalogadora original | CO-BoIAVH |
| Agencia transcriptora | CO-BoIAVH |
| 041 0# - IDIOMA | |
| Código de idioma para texto/pista de sonido o título separado | Español |
| 044 ## - PAÍS DE PUBLICACIÓN | |
| País de publicación | Colombia |
| 082 04 - NUMERO DE CLASIFICACION DECIMAL DEWEY | |
| Número de clasificación | 363.7285 |
| Número del ítem | M66m |
| 110 2# - ASIENTO PRINCIPAL--NOMBRE CORPORATIVO | |
| Unidad subordinad | Colombia. |
| Nombre corporativo o de jurisdicción como elemento de entrada | Ministerio del Medio Ambiente |
| 9 (RLIN) | 55921 |
| 245 10 - MENCION DE TITULO | |
| Título | Saberlo hacer : |
| Parte restante del título | Manejo integrado de residuos sólidos municipales / |
| Mención de responsabilidad | Universidad de los Andes, Ministerio del Medio Ambiente. |
| 260 ## - PUBLICACION, DISTRIBUCION, ETC. (PIE DE IMPRENTA) | |
| Lugar de publicación, distribución, etc. | Bogotá : |
| Nombre del editor, distribuidor, etc. | Universidad de los Andes : |
| -- | Ministerio del Medio Ambiente , |
| Fecha de publicación, distribución, etc. | [Sin fecha de publicación] |
| 300 ## - DESCRIPCION FISICA | |
| Extensión | 186 páginas : |
| Otros detalles físicos | Ilustraciones ; |
| Dimensiones | 28 cm. |
| 650 14 - ASIENTO SECUNDARIO DE MATERIA - TERMINO TEMATICO | |
| Término temático o nombre geográfico como elemento de entrada | Residuos sólidos |
| 9 (RLIN) | 55922 |
| 650 24 - ASIENTO SECUNDARIO DE MATERIA - TERMINO TEMATICO | |
| Término temático o nombre geográfico como elemento de entrada | Residuos urbanos |
| 9 (RLIN) | 55923 |
| 650 24 - ASIENTO SECUNDARIO DE MATERIA - TERMINO TEMATICO | |
| Término temático o nombre geográfico como elemento de entrada | Recolección de basuras |
| 9 (RLIN) | 55924 |
| 650 24 - ASIENTO SECUNDARIO DE MATERIA - TERMINO TEMATICO | |
| Término temático o nombre geográfico como elemento de entrada | Almacenamiento de residuos |
| 9 (RLIN) | 55925 |
| 650 24 - ASIENTO SECUNDARIO DE MATERIA - TERMINO TEMATICO | |
| Término temático o nombre geográfico como elemento de entrada | Reciclaje |
| 9 (RLIN) | 55926 |
| 650 16 - ASIENTO SECUNDARIO DE MATERIA - TERMINO TEMATICO | |
| Término temático o nombre geográfico como elemento de entrada | Manejo integrado de desechos sólidos |
| 9 (RLIN) | 50773 |
| 650 26 - ASIENTO SECUNDARIO DE MATERIA - TERMINO TEMATICO | |
| Término temático o nombre geográfico como elemento de entrada | Rellenos sanitarios |
| 9 (RLIN) | 17820 |
| 650 #6 - ASIENTO SECUNDARIO DE MATERIA - TERMINO TEMATICO | |
| Término temático o nombre geográfico como elemento de entrada | Incineradores |
| 9 (RLIN) | 17819 |
| 662 ## - ASIENTO SECUNDARIO DE MATERIA - JERARQUIA DEL NOMBRE DE LUGAR( | |
| País o entidad mayor | Colombia |
| 700 1# - ASIENTO SECUNDARIO - NOMBRE PERSONAL | |
| Nombre personal | Carmona, Cenith |
| 9 (RLIN) | 50774 |
| 700 1# - ASIENTO SECUNDARIO - NOMBRE PERSONAL | |
| Nombre personal | Giraldo Gómez, Eugenio |
| 9 (RLIN) | 50775 |
| 942 ## - ELEMENTOS ADICIONALES (KOHA) | |
| Tipo de ítem | Libro |
| Sistema de clasificación | Dewey Decimal Classification |
| Withdrawn status | Lost status | Sistema de Clasificación | Damaged status | No para préstamo | Colección | Inventariado | Ubicación Permanente | Ubicación actual | Fecha de adquisición | Fuente de Valor | Valor | Total Checkouts | Número topográfico | Inventario / Código de Barras | Date last seen | Ejemplar | Price effective from | Forma de adquisición | Tipo de material |
|---|---|---|---|---|---|---|---|---|---|---|---|---|---|---|---|---|---|---|---|
| Dewey Decimal Classification | General | Inventariado 2017 | Bogotá | Bogotá | 05/06/2002 | Instituto | 39000.00 | LB-363.7285 M66m | 003239 | 04/12/2012 | Ej. 1 | 04/12/2012 | Libro | ||||||
| Dewey Decimal Classification | General | Inventariado 2017 | Bogotá | Bogotá | 28/06/2004 | Instituto | 39000.00 | LB-363.7285 M66m | 016150 | 04/12/2012 | Ej.2 | 04/12/2012 | Libro | ||||||
| Local | General | Inventariado 2017 | Sala Fabio Quevedo | Sala Fabio Quevedo | 12/12/2002 | Instituto | 39000.00 | LB-363.7285 M66m | 003240 | 04/12/2012 | Ej.2 | 04/12/2012 | Libro |